00537 2200193 4500001002100000005001500021035002000036007000300056008004100059020002200100082001000122084001600132100002600148245004700174250001100221260004300232300003700275650003100312INLIS00000000000185820250822090549 a0010-0825000005ta250822 d 0 ind  a978-602-5638-43-5 a790.2 a790.2 NAB n0 aNabila Zahwa Primasti1 aNgakak Bareng BTS /cNabila Zahwa Primasti aCet. 1 aYogyakarta :bPenerbit Histeria,c2018 a304 hlm. :bilust. ;c13 x 19 cm aNovel biografi artis korea